[Event "Bundesliga 9899"]
[Site "Deutschland"]
[Date "1998.12.13"]
[Round "6.6"]
[White "Heissler, Jakob"]
[Black "Appel, Ralf"]
[Result "1-0"]
[WhiteElo "2435"]
[BlackElo "2495"]
[PlyCount "81"]
[EventDate "1998.10.17"]
[EventType "team"]
[EventRounds "15"]
[EventCountry "GER"]
[SourceTitle "Bundesliga 9899"]
[Source "DeepChess"]
[SourceDate "2005.01.01"]
[SourceVersion "1"]
[SourceVersionDate "2005.01.01"]
[SourceQuality "1"]
[WhiteTeam "SAbt SV Werder Bremen"]
[BlackTeam "SV Castrop Rauxel 1923"]
[WhiteTeamCountry "GER"]
[BlackTeamCountry "GER"]

1. e4 Nf6 2. d3 d5 3. Nd2 e5 4. Ngf3 Nc6 5. Be2 Be7 6. O-O O-O 7. c3 a5 8. a4
b6 9. Re1 Ba6 10. Qc2 Re8 11. Bf1 Bf8 12. exd5 Nxd5 13. Nc4 Qf6 14. Bd2 h6 15.
Qb3 Rad8 16. Ncxe5 Nxe5 17. Nxe5 Bb7 18. d4 Bd6 19. Nd3 Ne7 20. Re3 Nf5 21.
Rxe8+ Rxe8 22. Re1 Rxe1 23. Nxe1 Qh4 24. g3 Qe4 25. Bg2 Qe2 26. Bxb7 Qxd2 27.
Nf3 Qc1+ 28. Kg2 g5 29. Be4 Ne7 30. Qc2 Qa1 31. Bd3 Qa2 32. Be4 Kg7 33. h3 Nd5
34. Bxd5 Qxd5 35. c4 Qe6 36. b3 Bb4 37. Qd3 f6 38. d5 Qe8 39. Nd4 Qe5 40. Ne6+
Kh8 41. Qg6 1-0

[Event "Bundesliga 9899"]
[Site "Deutschland"]
[Date "1998.12.13"]
[Round "6.7"]
[White "Dinstuhl, Volkmar"]
[Black "Kachiani Gersinska, Ketino"]
[Result "1/2-1/2"]
[WhiteElo "2415"]
[BlackElo "2435"]
[PlyCount "66"]
[EventDate "1998.10.17"]
[EventType "team"]
[EventRounds "15"]
[EventCountry "GER"]
[SourceTitle "Bundesliga 9899"]
[Source "DeepChess"]
[SourceDate "2005.01.01"]
[SourceVersion "1"]
[SourceVersionDate "2005.01.01"]
[SourceQuality "1"]
[WhiteTeam "SV Castrop Rauxel 1923"]
[BlackTeam "SAbt SV Werder Bremen"]
[WhiteTeamCountry "GER"]
[BlackTeamCountry "GER"]

1. Nf3 Nf6 2. g3 g6 3. b3 Bg7 4. Bb2 d5 5. c4 c6 6. Bg2 O-O 7. O-O Bg4 8. d3
Nbd7 9. Nbd2 Re8 10. h3 Bxf3 11. Nxf3 e5 12. cxd5 cxd5 13. Qd2 Rc8 14. Rac1
Rxc1 15. Rxc1 Qb8 16. Qc3 e4 17. dxe4 dxe4 18. Ng5 e3 19. f4 h6 20. Ne4 Nh5 21.
Qc2 Bxb2 22. Qxb2 Rxe4 23. Bxe4 Nxg3 24. Rd1 Qxf4 25. Bf3 Ne5 26. Rd8+ Kh7 27.
Re8 Nxe2+ 28. Bxe2 Qg3+ 29. Kh1 Qxh3+ 30. Kg1 Qg3+ 31. Kh1 Qh3+ 32. Kg1 Qg3+
33. Kh1 Qh3+ 1/2-1/2

[Event "Bundesliga 9899"]
[Site "Deutschland"]
[Date "1998.12.13"]
[Round "6.8"]
[White "Floegel, Ulrich"]
[Black "Brendel, Oliver"]
[Result "1/2-1/2"]
[WhiteElo "2365"]
[BlackElo "2420"]
[PlyCount "99"]
[EventDate "1998.10.17"]
[EventType "team"]
[EventRounds "15"]
[EventCountry "GER"]
[SourceTitle "Bundesliga 9899"]
[Source "DeepChess"]
[SourceDate "2005.01.01"]
[SourceVersion "1"]
[SourceVersionDate "2005.01.01"]
[SourceQuality "1"]
[WhiteTeam "SAbt SV Werder Bremen"]
[BlackTeam "SV Castrop Rauxel 1923"]
[WhiteTeamCountry "GER"]
[BlackTeamCountry "GER"]

1. e4 c5 2. Nf3 Nc6 3. Bb5 Nf6 4. Qe2 g6 5. c3 Bg7 6. O-O O-O 7. d4 cxd4 8.
cxd4 d5 9. e5 Ne4 10. Nc3 Bg4 11. Rd1 Nxc3 12. bxc3 a6 13. Bxc6 bxc6 14. h3
Bxf3 15. Qxf3 Qa5 16. a4 Rfb8 17. Ba3 Bf8 18. e6 f6 19. h4 Qc7 20. h5 g5 21.
Bc1 Rb3 22. Bd2 Qd6 23. Qf5 Bh6 24. g3 Kh8 25. Kg2 Rab8 26. Rac1 Ra3 27. c4
Rxa4 28. cxd5 cxd5 29. Be3 Rc4 30. Ra1 Rc6 31. Rab1 Rxb1 32. Rxb1 Qxe6 33. Qxe6
Rxe6 34. Rb8+ Kg7 35. Rd8 Rd6 36. Rxd6 exd6 37. g4 f5 38. f3 fxg4 39. fxg4 Kf7
40. Kf3 Ke7 41. Ke2 Kd7 42. Kd3 Kc6 43. Kc3 Kb5 44. Kb3 a5 45. Kc3 a4 46. Bc1
Ka5 47. Bd2 a3 48. Kb3+ Kb5 49. Bc1 a2 50. Bb2 1/2-1/2

[Event "Bundesliga 9899"]
[Site "Deutschland"]
[Date "1998.12.13"]
[Round "6.2"]
[White "Stohl, Igor"]
[Black "Hall, Jesper"]
[Result "1-0"]
[WhiteElo "2550"]
[BlackElo "2460"]
[PlyCount "61"]
[EventDate "1998.10.17"]
[EventType "team"]
[EventRounds "15"]
[EventCountry "GER"]
[SourceTitle "Bundesliga 9899"]
[Source "DeepChess"]
[SourceDate "2005.01.01"]
[SourceVersion "1"]
[SourceVersionDate "2005.01.01"]
[SourceQuality "1"]
[WhiteTeam "SF Neukoelln 03 e.V."]
[BlackTeam "SV Wattenscheid 1930"]
[WhiteTeamCountry "GER"]
[BlackTeamCountry "GER"]

1. d4 Nf6 2. c4 e6 3. Nf3 c5 4. d5 exd5 5. cxd5 d6 6. Nc3 g6 7. Nd2 Bg7 8. e4
O-O 9. Be2 Na6 10. O-O Nc7 11. a4 b6 12. Re1 Re8 13. h3 Rb8 14. Bb5 Re7 15. Nf3
Nxb5 16. axb5 Ra8 17. Bf4 a6 18. e5 Ne8 19. Qb3 Bb7 20. Bg5 f6 21. exf6 Rxe1+
22. Rxe1 Nxf6 23. bxa6 Bxa6 24. Ne4 b5 25. Nh2 Qf8 26. Nxf6+ Bxf6 27. Bxf6 Qxf6
28. Ng4 Qd4 29. Qf3 Qg7 30. Nf6+ Kh8 31. Ne8 1-0

[Event "Bundesliga 9899"]
[Site "Deutschland"]
[Date "1998.12.13"]
[Round "6.3"]
[White "Ziegler, Ari"]
[Black "Bunzmann, Dimitrij"]
[Result "1/2-1/2"]
[WhiteElo "2425"]
[BlackElo "2390"]
[PlyCount "61"]
[EventDate "1998.10.17"]
[EventType "team"]
[EventRounds "15"]
[EventCountry "GER"]
[SourceTitle "Bundesliga 9899"]
[Source "DeepChess"]
[SourceDate "2005.01.01"]
[SourceVersion "1"]
[SourceVersionDate "2005.01.01"]
[SourceQuality "1"]
[WhiteTeam "SV Wattenscheid 1930"]
[BlackTeam "SF Neukoelln 03 e.V."]
[WhiteTeamCountry "GER"]
[BlackTeamCountry "GER"]

1. d4 e6 2. c4 Bb4+ 3. Nc3 b6 4. Nf3 Bb7 5. Qb3 c5 6. a3 Bxc3+ 7. Qxc3 cxd4 8.
Nxd4 Nf6 9. Nb5 O-O 10. Nd6 Qc7 11. Qd3 Nc6 12. Bf4 Ne7 13. Bg3 Qc6 14. Rd1 Nf5
15. Nxf5 exf5 16. e3 Qe6 17. Be2 Bxg2 18. Rg1 Bc6 19. Qd4 g6 20. b4 Ba4 21. Rc1
Rac8 22. h4 Ne4 23. Bf4 Qf6 24. Qxf6 Nxf6 25. Be5 Rc6 26. h5 Re8 27. Bd4 Ne4
28. f3 Nf6 29. hxg6 fxg6 30. Kd2 Rce6 31. Bd3 1/2-1/2

[Event "Bundesliga 9899"]
[Site "Deutschland"]
[Date "1998.12.13"]
[Round "6.4"]
[White "Berndt, Stephan"]
[Black "Holzke, Frank"]
[Result "1/2-1/2"]
[WhiteElo "2380"]
[BlackElo "2410"]
[PlyCount "59"]
[EventDate "1998.10.17"]
[EventType "team"]
[EventRounds "15"]
[EventCountry "GER"]
[SourceTitle "Bundesliga 9899"]
[Source "DeepChess"]
[SourceDate "2005.01.01"]
[SourceVersion "1"]
[SourceVersionDate "2005.01.01"]
[SourceQuality "1"]
[WhiteTeam "SF Neukoelln 03 e.V."]
[BlackTeam "SV Wattenscheid 1930"]
[WhiteTeamCountry "GER"]
[BlackTeamCountry "GER"]

1. e4 e6 2. d4 d5 3. Nc3 Nf6 4. e5 Nfd7 5. f4 c5 6. Nf3 Nc6 7. Be3 a6 8. Qd2 b5
9. dxc5 Bxc5 10. Bxc5 Nxc5 11. Qf2 Qb6 12. Bd3 b4 13. Ne2 a5 14. O-O Ba6 15. f5
exf5 16. Nf4 Ne7 17. e6 f6 18. Bxa6 Rxa6 19. Rad1 Nxe6 20. Qxb6 Rxb6 21. Nxd5
Nxd5 22. Rxd5 Ra6 23. Nd4 Nxd4 24. Rxd4 O-O 25. Rxf5 Rc8 26. Rd2 Rac6 27. Rxa5
Rxc2 28. Rad5 Rxd2 29. Rxd2 Ra8 30. Rd4 1/2-1/2

[Event "Bundesliga 9899"]
[Site "Deutschland"]
[Date "1998.12.13"]
[Round "6.5"]
[White "Koehn, Peter"]
[Black "Brynell, Stellan"]
[Result "1/2-1/2"]
[WhiteElo "2300"]
[BlackElo "2475"]
[PlyCount "51"]
[EventDate "1998.10.17"]
[EventType "team"]
[EventRounds "15"]
[EventCountry "GER"]
[SourceTitle "Bundesliga 9899"]
[Source "DeepChess"]
[SourceDate "2005.01.01"]
[SourceVersion "1"]
[SourceVersionDate "2005.01.01"]
[SourceQuality "1"]
[WhiteTeam "SV Wattenscheid 1930"]
[BlackTeam "SF Neukoelln 03 e.V."]
[WhiteTeamCountry "GER"]
[BlackTeamCountry "GER"]

1. d4 d5 2. c4 dxc4 3. e3 Nf6 4. Bxc4 e6 5. Nf3 a6 6. a4 c5 7. O-O Nc6 8. Qe2
Qc7 9. Nc3 Bd6 10. Rd1 O-O 11. Bd2 b6 12. Rac1 Bb7 13. d5 exd5 14. Nxd5 Nxd5
15. Bxd5 Nd4 16. exd4 Bxd5 17. dxc5 bxc5 18. Ba5 Bxf3 19. Bxc7 Bxh2+ 20. Kxh2
Bxe2 21. Re1 Rfe8 22. Rxc5 Rac8 23. Rc2 Bd3 24. Rxe8+ Rxe8 25. Rd2 Bc4 26. Rd8
1/2-1/2

[Event "Bundesliga 9899"]
[Site "Deutschland"]
[Date "1998.12.13"]
[Round "6.6"]
[White "Polzin, Rainer"]
[Black "Franke, Johannes"]
[Result "1-0"]
[WhiteElo "2440"]
[BlackElo "2235"]
[PlyCount "71"]
[EventDate "1998.10.17"]
[EventType "team"]
[EventRounds "15"]
[EventCountry "GER"]
[SourceTitle "Bundesliga 9899"]
[Source "DeepChess"]
[SourceDate "2005.01.01"]
[SourceVersion "1"]
[SourceVersionDate "2005.01.01"]
[SourceQuality "1"]
[WhiteTeam "SF Neukoelln 03 e.V."]
[BlackTeam "SV Wattenscheid 1930"]
[WhiteTeamCountry "GER"]
[BlackTeamCountry "GER"]

1. e4 c6 2. d4 d5 3. e5 Bf5 4. Nf3 e6 5. a3 c5 6. c4 dxc4 7. Bxc4 Nc6 8. O-O
cxd4 9. b4 a6 10. Bb2 Nge7 11. Nbd2 b5 12. Ba2 Ng6 13. Re1 Be7 14. h3 Nf4 15.
Ne4 O-O 16. Qd2 Nd5 17. Nxd4 Nxd4 18. Qxd4 Rc8 19. Rad1 Qb6 20. Bxd5 Qxd4 21.
Bxd4 exd5 22. Nd6 Bxd6 23. exd6 Rfd8 24. Bc5 Be6 25. Re5 a5 26. f4 g6 27. g4
axb4 28. axb4 Ra8 29. f5 gxf5 30. gxf5 Bd7 31. Rd2 f6 32. Re6 Ra3 33. Kg2 Kf7
34. Re7+ Kf8 35. Rxh7 Re8 36. Rxd7 1-0

[Event "Bundesliga 9899"]
[Site "Deutschland"]
[Date "1998.12.13"]
[Round "6.7"]
[White "Sandkamp, Ralph"]
[Black "Schoene, Ralf"]
[Result "1-0"]
[WhiteElo "2245"]
[BlackElo "2425"]
[PlyCount "53"]
[EventDate "1998.10.17"]
[EventType "team"]
[EventRounds "15"]
[EventCountry "GER"]
[SourceTitle "Bundesliga 9899"]
[Source "DeepChess"]
[SourceDate "2005.01.01"]
[SourceVersion "1"]
[SourceVersionDate "2005.01.01"]
[SourceQuality "1"]
[WhiteTeam "SV Wattenscheid 1930"]
[BlackTeam "SF Neukoelln 03 e.V."]
[WhiteTeamCountry "GER"]
[BlackTeamCountry "GER"]

1. e4 e5 2. Nf3 Nc6 3. Bb5 Nf6 4. Qe2 Qe7 5. O-O g6 6. c3 Bg7 7. d4 exd4 8. e5
Ng8 9. Bg5 f6 10. exf6 Nxf6 11. Re1 Qxe2 12. Rxe2+ Kf8 13. cxd4 d6 14. Nbd2 Bd7
15. Bxf6 Bxf6 16. Ne4 Bg7 17. d5 Ne5 18. Bxd7 Nxd7 19. Rc1 Nb6 20. Rxc7 Nxd5
21. Rxb7 Nf4 22. Rc2 d5 23. Nc5 Kg8 24. g3 Nh5 25. Ne6 Bf6 26. Rcc7 h6 27. g4
1-0

[Event "Bundesliga 9899"]
[Site "Deutschland"]
[Date "1998.12.13"]
[Round "6.8"]
[White "Rudolf, Henrik"]
[Black "Thiel, Thomas"]
[Result "1/2-1/2"]
[WhiteElo "2275"]
[BlackElo "2345"]
[PlyCount "36"]
[EventDate "1998.10.17"]
[EventType "team"]
[EventRounds "15"]
[EventCountry "GER"]
[SourceTitle "Bundesliga 9899"]
[Source "DeepChess"]
[SourceDate "2005.01.01"]
[SourceVersion "1"]
[SourceVersionDate "2005.01.01"]
[SourceQuality "1"]
[WhiteTeam "SF Neukoelln 03 e.V."]
[BlackTeam "SV Wattenscheid 1930"]
[WhiteTeamCountry "GER"]
[BlackTeamCountry "GER"]

1. e4 c5 2. Nf3 Nc6 3. d4 cxd4 4. Nxd4 Nf6 5. Nc3 e6 6. Be2 Bb4 7. O-O Bxc3 8.
bxc3 Nxe4 9. Bd3 Nxc3 10. Qg4 O-O 11. Bb2 f5 12. Nxf5 exf5 13. Qc4+ d5 14. Qxc3
d4 15. Qc4+ Kh8 16. Rfe1 Bd7 17. Bxd4 Nxd4 18. Qxd4 Bc6 1/2-1/2

[Event "Bundesliga 9899"]
[Site "Deutschland"]
[Date "1998.12.13"]
[Round "6.2"]
[White "Cvitan, Ognjen"]
[Black "Slobodjan, Roman"]
[Result "1-0"]
[WhiteElo "2560"]
[BlackElo "2530"]
[PlyCount "105"]
[EventDate "1998.10.17"]
[EventType "team"]
[EventRounds "15"]
[EventCountry "GER"]
[SourceTitle "Bundesliga 9899"]
[Source "DeepChess"]
[SourceDate "2005.01.01"]
[SourceVersion "1"]
[SourceVersionDate "2005.01.01"]
[SourceQuality "1"]
[WhiteTeam "SK Zaehringen 1921"]
[BlackTeam "USC Magdeburg"]
[WhiteTeamCountry "GER"]
[BlackTeamCountry "GER"]

1. d4 d5 2. c4 dxc4 3. e3 e6 4. Bxc4 a6 5. Nf3 c5 6. O-O Nf6 7. Bb3 b6 8. Qe2
Bb7 9. Rd1 Qc7 10. Nc3 Nbd7 11. e4 cxd4 12. Nxd4 Nc5 13. e5 Nxb3 14. axb3 Nd5
15. Nxd5 Bxd5 16. Rxa6 Rxa6 17. Qxa6 Bc5 18. Qa4+ Qd7 19. Be3 Bxd4 20. Rxd4 b5
21. Qb4 f6 22. Rd1 fxe5 23. Ra1 Bb7 24. h3 Qd5 25. f3 e4 26. fxe4 Qxe4 27.
Qxb5+ Bc6 28. Ra8+ Kd7 29. Ra7+ Kc8 30. Qg5 Rd8 31. Bf4 Qd4+ 32. Be3 Qd1+ 33.
Kh2 Rd7 34. Ra6 Qd5 35. Qg3 e5 36. b4 h5 37. h4 Bb7 38. Ra5 Qe4 39. Rxe5 Qg4
40. Rc5+ Kd8 41. Bg5+ Ke8 42. Re5+ Kf8 43. Qxg4 hxg4 44. Rf5+ Kg8 45. Rf4 Rd2
46. Rxg4 Rd6 47. Bf4 Re6 48. Bd2 Kh7 49. Bc3 g6 50. Rd4 Bc6 51. Rd8 Re8 52.
Rxe8 Bxe8 53. Kg3 1-0

[Event "Bundesliga 9899"]
[Site "Deutschland"]
[Date "1998.12.13"]
[Round "6.4"]
[White "Vatter, Hans Joachim"]
[Black "Nisipeanu, Liviu Dieter"]
[Result "1/2-1/2"]
[WhiteElo "2290"]
[BlackElo "2610"]
[PlyCount "74"]
[EventDate "1998.10.17"]
[EventType "team"]
[EventRounds "15"]
[EventCountry "GER"]
[SourceTitle "Bundesliga 9899"]
[Source "DeepChess"]
[SourceDate "2005.01.01"]
[SourceVersion "1"]
[SourceVersionDate "2005.01.01"]
[SourceQuality "1"]
[WhiteTeam "SK Zaehringen 1921"]
[BlackTeam "USC Magdeburg"]
[WhiteTeamCountry "GER"]
[BlackTeamCountry "GER"]

1. e4 c5 2. Nf3 d6 3. d4 cxd4 4. Nxd4 Nf6 5. Nc3 Nc6 6. Bg5 e6 7. Qd2 a6 8.
O-O-O h6 9. Be3 Be7 10. f3 Nxd4 11. Qxd4 b5 12. g4 Qa5 13. Kb1 b4 14. Ne2 e5
15. Qb6 Qxb6 16. Bxb6 Be6 17. Ng3 g6 18. Bd3 h5 19. h3 h4 20. Ne2 Bd8 21. Bxd8
Kxd8 22. c3 a5 23. Rhf1 Ke7 24. Rc1 Rhb8 25. f4 exf4 26. Rxf4 Nd7 27. Nd4 Ne5
28. Be2 Rc8 29. Nxe6 fxe6 30. g5 bxc3 31. Rxh4 cxb2 32. Rxc8 Rxc8 33. Rh7+ Nf7
34. Rg7 Rc3 35. Bg4 Re3 36. Rxg6 Rxe4 37. Kxb2 d5 1/2-1/2

[Event "Bundesliga 9899"]
[Site "Deutschland"]
[Date "1998.12.13"]
[Round "6.5"]
[White "Rogozenko, Dorian"]
[Black "Maier, Christian"]
[Result "1-0"]
[WhiteElo "2495"]
[BlackElo "2380"]
[PlyCount "129"]
[EventDate "1998.10.17"]
[EventType "team"]
[EventRounds "15"]
[EventCountry "GER"]
[SourceTitle "Bundesliga 9899"]
[Source "DeepChess"]
[SourceDate "2005.01.01"]
[SourceVersion "1"]
[SourceVersionDate "2005.01.01"]
[SourceQuality "1"]
[WhiteTeam "USC Magdeburg"]
[BlackTeam "SK Zaehringen 1921"]
[WhiteTeamCountry "GER"]
[BlackTeamCountry "GER"]

1. d4 Nf6 2. c4 d6 3. Nc3 e5 4. Nf3 exd4 5. Nxd4 Be7 6. g3 Nc6 7. Bg2 Bd7 8.
O-O O-O 9. Nc2 Qc8 10. Re1 Bh3 11. Bh1 Ne5 12. b3 c6 13. Ne3 Re8 14. Ng2 Nh5
15. Nf4 Nxf4 16. Bxf4 Qe6 17. Qd2 h6 18. f3 g5 19. Be3 f5 20. Bf2 Qg6 21. Rad1
Rf8 22. Qd4 Nf7 23. Qd3 Bf6 24. Qc2 h5 25. Bg2 Bxg2 26. Kxg2 g4 27. f4 Bxc3 28.
Qxc3 Rfe8 29. Rd3 Re4 30. Re3 Rae8 31. Rxe4 Rxe4 32. Bxa7 Qe6 33. Qd2 c5 34. e3
Qf6 35. Bb6 d5 36. Bxc5 dxc4 37. Bd4 Qc6 38. Kg1 cxb3 39. axb3 Re8 40. Rc1 Qd5
41. Qc2 Ra8 42. Bb2 Qe6 43. Qc3 Qg6 44. Rd1 Re8 45. Rd7 h4 46. gxh4 g3 47. h3
b5 48. h5 Qh6 49. Qd4 b4 50. Rd5 Re4 51. Qa7 Re8 52. Rxf5 Qh7 53. Qd4 Rxe3 54.
Qxe3 Qxf5 55. Qxg3+ Kf8 56. Bg7+ Ke7 57. Qe3+ Kd7 58. Qd4+ Ke8 59. Qe3+ Kd7 60.
Qd2+ Kc6 61. Qg2+ Kb5 62. Qb7+ Ka5 63. Bd4 Qb1+ 64. Kg2 Qc2+ 65. Bf2 1-0

[Event "Bundesliga 9899"]
[Site "Deutschland"]
[Date "1998.12.13"]
[Round "6.6"]
[White "Herbrechtsmeier, Christof"]
[Black "Naumann, Alexander"]
[Result "0-1"]
[WhiteElo "2280"]
[BlackElo "2375"]
[PlyCount "50"]
[EventDate "1998.10.17"]
[EventType "team"]
[EventRounds "15"]
[EventCountry "GER"]
[SourceTitle "Bundesliga 9899"]
[Source "DeepChess"]
[SourceDate "2005.01.01"]
[SourceVersion "1"]
[SourceVersionDate "2005.01.01"]
[SourceQuality "1"]
[WhiteTeam "SK Zaehringen 1921"]
[BlackTeam "USC Magdeburg"]
[WhiteTeamCountry "GER"]
[BlackTeamCountry "GER"]

1. e4 c5 2. Nf3 d6 3. d4 cxd4 4. Nxd4 Nf6 5. Nc3 a6 6. Bg5 e6 7. f4 Qc7 8. Qf3
b5 9. a3 Bb7 10. O-O-O Be7 11. Bxf6 Bxf6 12. Bxb5+ axb5 13. Ndxb5 Qb6 14. Nxd6+
Kf8 15. f5 Rxa3 16. b3 Qa5 17. Rd3 Ra1+ 18. Kd2 Rxh1 19. Nxb7 Qa1 20. Nd1 Nc6
21. Rd6 Nd4 22. Qh5 Bg5+ 23. Kd3 Qxd1+ 24. Qxd1 Rxd1+ 25. Kc4 Nxc2 0-1

[Event "Bundesliga 9899"]
[Site "Deutschland"]
[Date "1998.12.13"]
[Round "6.7"]
[White "Stolz, Mike"]
[Black "Schuh, Hubert"]
[Result "0-1"]
[WhiteElo "2330"]
[BlackElo "2305"]
[PlyCount "98"]
[EventDate "1998.10.17"]
[EventType "team"]
[EventRounds "15"]
[EventCountry "GER"]
[SourceTitle "Bundesliga 9899"]
[Source "DeepChess"]
[SourceDate "2005.01.01"]
[SourceVersion "1"]
[SourceVersionDate "2005.01.01"]
[SourceQuality "1"]
[WhiteTeam "USC Magdeburg"]
[BlackTeam "SK Zaehringen 1921"]
[WhiteTeamCountry "GER"]
[BlackTeamCountry "GER"]

1. e4 c5 2. Nf3 e6 3. d4 cxd4 4. Nxd4 Nf6 5. Nc3 d6 6. Bg5 Be7 7. Qd2 a6 8. Be2
Nbd7 9. f4 O-O 10. O-O-O Qc7 11. Bf3 Re8 12. g4 Nb6 13. b3 d5 14. Bxf6 Bxf6 15.
exd5 exd5 16. g5 Bxd4 17. Qxd4 Bf5 18. Rhe1 Re6 19. Rxe6 fxe6 20. Kb2 Rf8 21.
Rd2 Bh3 22. Ne2 Qd6 23. c4 Qb4 24. Ka1 dxc4 25. Bxb7 a5 26. Ba6 cxb3 27. Qxb4
axb4 28. axb3 Ra8 29. Ra2 Bf1 30. Bd3 Rxa2+ 31. Kxa2 Bxe2 32. Bxe2 Nd5 33. Bg4
Nxf4 34. Kb1 Kf7 35. Kc2 Kg6 36. h4 e5 37. Kd2 Ng2 38. Kd3 Nxh4 39. Kc4 Kxg5
40. Bc8 Kf4 41. Kxb4 g5 42. Kc5 g4 43. b4 Nf5 44. Ba6 Nd4 45. b5 Nxb5 46. Bxb5
g3 47. Bf1 Kf3 48. Kd5 e4 49. Kd4 e3 0-1

[Event "Bundesliga 9899"]
[Site "Deutschland"]
[Date "1998.12.13"]
[Round "6.8"]
[White "Deutschmann, Matthias"]
[Black "Darnstaedt, Frank"]
[Result "0-1"]
[WhiteElo "2137"]
[BlackElo "2285"]
[PlyCount "56"]
[EventDate "1998.10.17"]
[EventType "team"]
[EventRounds "15"]
[EventCountry "GER"]
[SourceTitle "Bundesliga 9899"]
[Source "DeepChess"]
[SourceDate "2005.01.01"]
[SourceVersion "1"]
[SourceVersionDate "2005.01.01"]
[SourceQuality "1"]
[WhiteTeam "SK Zaehringen 1921"]
[BlackTeam "USC Magdeburg"]
[WhiteTeamCountry "GER"]
[BlackTeamCountry "GER"]

1. e4 c5 2. Nf3 Nc6 3. d4 cxd4 4. Nxd4 Nf6 5. Nc3 e5 6. Ndb5 d6 7. Bg5 a6 8.
Na3 b5 9. Bxf6 gxf6 10. Nd5 Bg7 11. c3 f5 12. exf5 Bxf5 13. Nc2 Be6 14. Nce3
O-O 15. Qh5 f5 16. Bd3 e4 17. Bc2 Ne7 18. Nf4 Qd7 19. g4 d5 20. Rd1 Bf7 21. Qh4
Kh8 22. gxf5 Qd6 23. Rd2 Bf6 24. Qg3 Be5 25. Neg2 Rg8 26. Qh4 Nxf5 27. Qh3 Bxf4
28. Bxe4 Bxd2+ 0-1

[Event "Bundesliga 9899"]
[Site "Deutschland"]
[Date "1999.01.09"]
[Round "7.2"]
[White "Kindermann, Stefan"]
[Black "Agdestein, Simen"]
[Result "0-1"]
[WhiteElo "2541"]
[BlackElo "2550"]
[PlyCount "118"]
[EventDate "1998.10.17"]
[EventType "team"]
[EventRounds "15"]
[EventCountry "GER"]
[SourceTitle "Bundesliga 9899"]
[Source "DeepChess"]
[SourceDate "2005.01.01"]
[SourceVersion "1"]
[SourceVersionDate "2005.01.01"]
[SourceQuality "1"]
[WhiteTeam "SAbt SV Werder Bremen"]
[BlackTeam "Delmenhorster SK 1931"]
[WhiteTeamCountry "GER"]
[BlackTeamCountry "GER"]

1. e4 Nf6 2. e5 Nd5 3. d4 d6 4. Nf3 c6 5. c4 Nc7 6. exd6 exd6 7. h3 Be7 8. Nc3
O-O 9. Bf4 d5 10. Bd3 Nba6 11. c5 b6 12. cxb6 Ne6 13. b7 Bxb7 14. Be5 Nb4 15.
Bf5 c5 16. O-O Nc6 17. Qb3 Nxe5 18. Nxe5 Rb8 19. Qc2 Nxd4 20. Bxh7+ Kh8 21. Qb1
Bd6 22. f4 f5 23. Bg6 Bxe5 24. Qd1 Bxf4 25. Rxf4 Qg5 26. Qh5+ Qxh5 27. Bxh5 Ne6
28. Rf2 d4 29. Nb5 Bd5 30. Nd6 f4 31. Re1 Rf6 32. Re5 Nc7 33. Ne4 Re6 34. Rxe6
Nxe6 35. Nd6 Bxa2 36. Bf7 Rb6 37. Ne4 Bb1 38. Nd2 Bd3 39. Nf3 Nd8 40. Bd5 Rd6
41. Ba2 Nc6 42. Ng5 Rf6 43. Nf7+ Kh7 44. Ng5+ Kh6 45. Ne6 c4 46. Nc5 Ne5 47.
Nxd3 cxd3 48. Bd5 Kg5 49. Be4 Rb6 50. Rd2 Rb3 51. Bd5 Rb5 52. Be4 Rb3 53. Bd5
Rc3 54. Kf2 Rc2 55. Ke1 Kh4 56. Kd1 Rc5 57. Be4 Nc4 58. Rf2 Ne3+ 59. Kd2 Rc2+
0-1

[Event "Bundesliga 9899"]
[Site "Deutschland"]
[Date "1999.01.09"]
[Round "7.3"]
[White "Conquest, Stuart"]
[Black "Knaak, Rainer"]
[Result "1/2-1/2"]
[WhiteElo "2488"]
[BlackElo "2540"]
[PlyCount "132"]
[EventDate "1998.10.17"]
[EventType "team"]
[EventRounds "15"]
[EventCountry "GER"]
[SourceTitle "Bundesliga 9899"]
[Source "DeepChess"]
[SourceDate "2005.01.01"]
[SourceVersion "1"]
[SourceVersionDate "2005.01.01"]
[SourceQuality "1"]
[WhiteTeam "Delmenhorster SK 1931"]
[BlackTeam "SAbt SV Werder Bremen"]
[WhiteTeamCountry "GER"]
[BlackTeamCountry "GER"]

1. Nf3 e6 2. g3 d5 3. Bg2 Nd7 4. d3 Ngf6 5. O-O a5 6. c4 c6 7. cxd5 cxd5 8. Nc3
Be7 9. Bf4 O-O 10. Nb5 Ne8 11. Rc1 Nc5 12. d4 Na6 13. Qb3 Bd7 14. Nc3 b5 15.
Ne5 a4 16. Qc2 Bd6 17. e4 Rc8 18. Qe2 Bxe5 19. Bxe5 dxe4 20. Nxb5 Rxc1 21. Rxc1
f6 22. Bf4 f5 23. a3 Qb6 24. Bf1 Nf6 25. Qc4 Nd5 26. Bd2 Rc8 27. Qe2 Rb8 28.
Nc3 Nac7 29. Qc4 Ra8 30. Rc2 h6 31. Be2 Be8 32. Qc5 Qxc5 33. dxc5 Bc6 34. Bc4
Kf7 35. Be3 Nxe3 36. fxe3 Rd8 37. Kf2 Kf6 38. Na2 Bd5 39. Ke2 Rb8 40. Nb4 Bxc4+
41. Rxc4 e5 42. Kd2 Ke6 43. Kc2 Rb5 44. Kc1 g5 45. Na2 Nd5 46. c6 Nb6 47. c7
Kd7 48. c8=Q+ Nxc8 49. Rxa4 Rd5 50. Nc3 Rd3 51. g4 Rxe3 52. gxf5 Re1+ 53. Kd2
Rh1 54. f6 Rxh2+ 55. Ke3 Nd6 56. Ra7+ Ke6 57. Ra6 Rh3+ 58. Kf2 Kd7 59. Kg2 Rd3
60. Na4 Rd2+ 61. Kf1 e3 62. Ke1 Ke6 63. Nc3 Kf5 64. Nd1 Ke4 65. Nc3+ Kf5 66.
Nd1 Ke4 1/2-1/2

[Event "Bundesliga 9899"]
[Site "Deutschland"]
[Date "1999.01.09"]
[Round "7.4"]
[White "Babula, Vlastimil"]
[Black "Gisbrecht, Ewgeni"]
[Result "1-0"]
[WhiteElo "2565"]
[BlackElo "2405"]
[PlyCount "77"]
[EventDate "1998.10.17"]
[EventType "team"]
[EventRounds "15"]
[EventCountry "GER"]
[SourceTitle "Bundesliga 9899"]
[Source "DeepChess"]
[SourceDate "2005.01.01"]
[SourceVersion "1"]
[SourceVersionDate "2005.01.01"]
[SourceQuality "1"]
[WhiteTeam "SAbt SV Werder Bremen"]
[BlackTeam "Delmenhorster SK 1931"]
[WhiteTeamCountry "GER"]
[BlackTeamCountry "GER"]

1. d4 d5 2. c4 c6 3. Nf3 Nf6 4. Nc3 a6 5. c5 g6 6. Bf4 Bg7 7. e3 O-O 8. Be2 Bg4
9. Ne5 Bxe2 10. Qxe2 Nfd7 11. Nd3 Re8 12. Bxb8 Rxb8 13. f4 f6 14. O-O e5 15.
Qf2 exd4 16. exd4 f5 17. Ne5 Nf6 18. b4 Ne4 19. Qc2 g5 20. g3 gxf4 21. gxf4 Qh4
22. Nxe4 fxe4 23. Qg2 Re7 24. Qg3 Qf6 25. a4 Kh8 26. Kh1 Rf8 27. b5 Bh6 28. Ng4
Bxf4 29. Nxf6 Bxg3 30. Nxd5 Rxf1+ 31. Rxf1 cxd5 32. hxg3 axb5 33. axb5 e3 34.
Kg2 e2 35. Re1 Re4 36. b6 Rxd4 37. Rxe2 Rc4 38. Re8+ Kg7 39. Rc8 1-0